=LDR 00000nam 2200000 4500 =001 INLIS000000000034296 =005 20130612140216 =008 ***********************************ind** =035 ##$$0010-061300000034296 =041 ##$$a ind =082 ##$$a 813 =090 ##$$a 813, Won k =100 ##$$a WONG, Bacem =245 ##$$a Kutu,kan, Bacem Wong =260 ##$$a 2007 $b Jakarta =300 ##$$a 200 hlm, 2007 =650 ##$$a Fiksi indonesia =650 ##$$a Dewasa =850 ##$$a NBPNMAT